000
00300 a2200133 4500
005
20250702074611.0
020
_a
978-1-784-70566-4
082
_a
658 GEA
100
_a
GEARY, K.
245
_a
Montpelier Parade,
260
_a
London,
_b
Random House,
_c
2017
300
_a
234p,
_c
20cm.
942
_2
ddc
_c
BKS
999
_c
6548
_d
6548